Compendio de comunicación moderna / (Registro nro. 13843)

Detalles MARC
000 -LIDER
fixed length control field 01067nam a2200289 a 4500
001 - NÚMERO DE CONTROL
Identificador de número de control
003 - IDENTIFICACDOR DE NÚMERO DE CONTROL
control field DO-SdBPM
005 - DATE AND TIME OF LATEST TRANSACTION
control field 20250515092615.0
008 - ELEMENTOS DE LONGITUD FIJA
fixed length control field 140225s20uu dr 000 0 spa d
020 ## - ISBN
International Standard Book Number 9789945447316
040 ## - FUENTE DE CATALOGACIÓN
Agencia que crea de manera original el registro DO-SdBPM
Idioma de catalogación spa
Agencia que realiza la transcripción BPMSU
082 #4 - NÚMERO DE CLASIFICACIÓN DECIMAL DE DEWEY
Classification number 302.23
Item number L579c
Edition number 22
245 00 - MENCIÓN DE TITULO
Título Compendio de comunicación moderna /
Mención de responsabilidad compilación ; Patricio Jesús León Cruz ; prólogo Luis de León.
260 ## - PUBLICACIÓN, DISTRIBUCIÓN, ETC. (PIE DE IMPRENTA)
Lugar de publicación, distribución, etc Santo Domingo :
Nombre del editor, distribuidor, etc. YouColor,
Fecha de publicación, distribución, etc [201-?].
300 ## - DESCRIPCIÓN FÍSICA
Extensión 187 p. ;
Dimensiones 21 cm.
500 ## - NOTA GENERAL
Nota general Incluye referencias bibliográficas y notas al pie de las páginas.
500 ## - NOTA GENERAL
Nota general Incluye datos biográficos del autor en la contracubierta.
504 ## - NOTA DE BIBLIOGRAFÍA, ETC.
Bibliography, etc Bibliografía : p. 173-174
590 ## - NOTA LOCAL
Enlace Inventariado, 2025/VM
650 #4 - ENCABEZAMIENTO DE MATERIA--TEMÁTICO
Término temático o nombre geográfico como elemento de entrada Comunicación
Subdivisión temática general Aspectos sociales
Término de relación
650 #4 - ENCABEZAMIENTO DE MATERIA--TEMÁTICO
Término temático o nombre geográfico como elemento de entrada Medios de comunicación de masas
Subdivisión temática general Innovaciones tecnológicas
Subdivisión cronológica Siglo XX
650 #4 - ENCABEZAMIENTO DE MATERIA--TEMÁTICO
Término temático o nombre geográfico como elemento de entrada Periodismo en Internet.
700 1# - ASIENTO SECUNDARIO -- NOMBRE PERSONAL
Nombre personal León Cruz, Patricio
Mención de responsabilidad compilador
Fechas asociadas con el nombre 1989
700 1# - ASIENTO SECUNDARIO -- NOMBRE PERSONAL
Nombre personal León, Luis de
Mención de responsabilidad prólogo
910 ## - VALIDACIÓN
Validación VMateo V.Control de calidad. BPMSU
942 ## - ADDED ENTRY ELEMENTS (KOHA)
Source of classification or shelving scheme Dewey Decimal Classification
Koha item type Libros
Existencias
Withdrawn status Lost status Source of classification or shelving scheme Damaged status Not for loan Collection code Home library Current library Date acquired Source of acquisition Total Checkouts Full call number Barcode Date last seen Price effective from Koha item type Copy number
    Dewey Decimal Classification     Colección Dominicana Biblioteca Pública Metropolitana Salomé Ureña Biblioteca Pública Metropolitana Salomé Ureña 11/05/2021 Fundación Juan Bosch   BPMSU CD 302.23 L579c BPMSU21110040 11/05/2021 11/05/2021 Libros  
    Dewey Decimal Classification     Colección Dominicana Biblioteca Pública Metropolitana Salomé Ureña Biblioteca Pública Metropolitana Salomé Ureña 11/05/2021 Fundación Juan Bosch   BPMSU CD 302.23 L579c BPMSU25050029 05/15/2025 11/05/2021 Libros e.2